Essentials of rhetoric

Đã lưu trong:
Bibliografiske detaljer
Hovedforfatter: William E. Buckler
Format: Bog
Sprog:Undetermined
Udgivet: New York MacMillan 1966
Fag:
Tags: Tilføj Tag
Ingen Tags, Vær først til at tagge denne postø!
Thư viện lưu trữ: Trung tâm Học liệu Trường Đại học Cần Thơ
LEADER 00517nam a2200169Ia 4500
001 CTU_32845
008 210402s9999 xx 000 0 und d
082 |a 808 
082 |b B922 
100 |a William E. Buckler 
245 0 |a Essentials of rhetoric 
245 0 |c William E. Buckler, Arrnold B. Sklare 
260 |a New York 
260 |b MacMillan 
260 |c 1966 
650 |a english language - composition, exercices, etc.,english language - rhetoric 
980 |a Trung tâm Học liệu Trường Đại học Cần Thơ